Educación que cambia vidas: informe de resultados sobre la influencia de las Escuelas Laborales y el Nivel Secundario - PREPARA, en las condiciones y calidad de vida de participantes y egresados. (Record no. 14668)

MARC details
000 -LEADER
campo de control de longitud fija 01646nam a22001937a 4500
005 - FECHA Y HORA DE LA ÚLTIMA TRANSACCIÓN
campo de control 20260618115917.0
008 - DATOS DE LONGITUD FIJA--INFORMACIÓN GENERAL
campo de control de longitud fija 260618b |||||||| |||| 00| 0 spa d
020 ## - NÚMERO INTERNACIONAL ESTÁNDAR DEL LIBRO
Número Internacional Estándar del Libro 978-9945-513-20-2
040 ## - FUENTE DE CATALOGACIÓN
Centro catalogador/agencia de origen Instituto Dominicano de Evaluación e Investigación de la Calidad Educativa
Centro/agencia transcriptor IDEICE
Normas de descripción RDA
082 ## - NÚMERO DE LA CLASIFICACIÓN DECIMAL DEWEY
Número de clasificación IDEICE 373.246 I59e
245 ## - MENCIÓN DEL TÍTULO
Título Educación que cambia vidas: informe de resultados sobre la influencia de las Escuelas Laborales y el Nivel Secundario - PREPARA, en las condiciones y calidad de vida de participantes y egresados.
Mención de responsabilidad, etc. IDEICE
260 ## - PUBLICACIÓN, DISTRIBUCIÓN, ETC.
Lugar de publicación, distribución, etc. Santo Domingo, República Dominicana
300 ## - DESCRIPCIÓN FÍSICA
Dimensiones 176p.
505 ## - NOTA DE CONTENIDO CON FORMATO
Nota de contenido con formato La presente investigación analiza el impacto del Nivel Secundario del Subsistema de Educación para Personas Jóvenes y Adultas (PREPARA), en las condiciones de vida e integración social de sus participantes y egresados en la República Dominicana entre 2021 y 2024. PREPARA es un nivel que se constituye en una estrategia clave del Ministerio de Educación. Su currículo ofrece modalidades flexibles para jóvenes y adultos que no completaron la educación secundaria formal, adaptándose a sus contextos sociales y económicos.
650 ## - PUNTO DE ACCESO ADICIONAL DE MATERIA--TÉRMINO DE MATERIA
Término de materia o nombre geográfico como elemento de entrada Educación Secundaria--República Dominicana; formación vocacional; alfabetización en escuelas laborales; evaluación de adultos--República Dominicana.
710 ## - ENTRADA AGREGADA--NOMBRE DE ENTIDAD CORPORATIVA
Nombre de entidad corporativa o nombre de jurisdicción como elemento de entrada IDEICE
856 ## - LOCALIZACIÓN Y ACCESO ELECTRÓNICOS
Identificador Uniforme de Recurso <a href="https://ideice.gob.do/documentacion/publicaciones-id-222-educacion-que-cambia-vidas-informe-de-resultados-sobre-la-influencia-de-las-escuelas-laborales-y-el-nivel-secundario-prepara-en-las-condiciones-y-calidad-de-vida-de-participantes-y-egresados-">https://ideice.gob.do/documentacion/publicaciones-id-222-educacion-que-cambia-vidas-informe-de-resultados-sobre-la-influencia-de-las-escuelas-laborales-y-el-nivel-secundario-prepara-en-las-condiciones-y-calidad-de-vida-de-participantes-y-egresados-</a>
942 ## - ELEMENTOS DE ENTRADA SECUNDARIOS (KOHA)
Fuente de la clasificación o esquema de estantería Clasificación Decimal Dewey
Tipo de ítem Koha Libros
Suprimir en OPAC No
Holdings
Estatus retirado Estado de pérdida Fuente de la clasificación o esquema de estantería Estado de daño No para préstamo Biblioteca de origen Biblioteca actual Fecha de adquisición Total de préstamos Visto por última vez Identificador uniforme de recursos Precio de reemplazo Tipo de ítem Koha
    Clasificación Decimal Dewey     Repositorio IDEICE Repositorio IDEICE 18/06/2026   18/06/2026 https://ideice.gob.do/documentacion/publicaciones-id-222-educacion-que-cambia-vidas-informe-de-resultados-sobre-la-influencia-de-las-escuelas-laborales-y-el-nivel-secundario-prepara-en-las-condiciones-y-calidad-de-vida-de-participantes-y-egresados- 18/06/2026 Libros

© 2024. Todos los Derechos Reservados. Desarrollado por IDEICE